000
00300nam a2200097Ia 4500
008
241105s9999 xx 000 0 und d
041
_a
eng
100
_a
Kadu Aishwarya
245
_a
Landscape Planning Proposal For Gondekhal Village And Its Surrounding Watershed
260
_b
BNCA M Arch LA, Pune
_c
2020
999
_c
361997
_d
361997